000 00518nmm a2200169Ia 4500
008 251105s9999||||xx |||||||||||||||||und||
020 _a9788499405766
041 _aspa
100 _aBronstein, Catalina
245 0 _aLa teoría Kleiniana : una perspectiva contemporánea
264 _a[Madrid, España] :
_bBiblioteca Nueva,
_c2015
300 _a296 páginas
490 _aPsicoanálisis. Biblioteca Nueva/ APM
650 _aPsychology
856 _uhttps://public.digitaliapublishing.com/a/40169
942 _cCF
999 _c92738
_d92738